[Event "7th Altibox Norway Chess Blitz 2019"]
[Site "Stavanger"]
[Date "2019.06.03"]
[Round "6.3"]
[White "Grischuk, Alexander"]
[Black "Yu, Yangyi"]
[Result "1-0"]
[WhiteElo "2750"]
[BlackElo "2705"]
[Annotator "TA"]
[PlyCount "52"]
[EventDate "2019.06.03"]
[EventType "tourn"]
[EventCountry "NOR"]
[SourceTitle "playchess.com"]
[Source "ChessBase"]
[SourceQuality "1"]

{[%evp 14,52,12,11,25,19,23,21,85,83,80,84,81,81,87,87,93,80,91,83,104,70,74,71,79,69,147,133,153,149,149,146,153,153,232,229,848,826,831,810,1023]} 1. d4 Nf6 2. c4 e6 3. Nf3 d5 4. Nc3 Be7 5. Bg5 h6 6. Bxf6 Bxf6 7. e3 O-O 8. Rc1 dxc4 {D55: Queen's Gambit Declined: 4 Bg5 Be7: Lines without ...h6 and 6...h6 7 Bxf6} (8... c6 9. Bd3 Nd7 10. O-O dxc4 11. Bxc4 e5 12. Bb3 exd4 13. exd4 Re8 14. h3 Nb6 15. Re1 Bf5 16. g4 Bg6 17. Rxe8+ Qxe8 18. Qd2 Qd7 19. Qf4 Re8 20. Rd1 Qc8 21. Ne5 Bxe5 22. dxe5 Rd8 23. Rd4 Qc7 {1-0 (43) Radjabov,T (2751)-Sargissian,G (2691) Batumi 2018}) 9. Bxc4 c5 10. dxc5 Nd7 (10... Qxd1+ $11 11. Kxd1 b6) 11. b4 $16 a5 12. a3 {[%cal Ba2a3,Ba3b4][%mdl 32]} axb4 $146 ({Predecessor:} 12... Qe7 13. O-O axb4 14. axb4 b6 15. Nd4 Ne5 16. Bb5 bxc5 17. bxc5 Qxc5 18. f4 Nd7 19. Ne4 Qa7 20. Kh1 Bxd4 {½-½ (20) Flesch,J-Forintos,G Budapest 1966}) 13. axb4 Ne5 14. Nxe5 Bxe5 15. Qxd8 Rxd8 16. Ke2 Ra3 17. Nb5 Ra4 18. Rhd1 Bd7 19. Rb1 Kf8 {[#]} (19... g5 $1 $14) 20. f4 $1 {[%cal Rf4e5]} Bb8 21. Nc3 $36 {[%mdl 2048] White has strong initiative.} Ra3 22. Rb3 Ra8 23. Rb2 e5 (23... Bc7 $16 24. Bb5 Bxb5+ 25. Nxb5 Rxd1 26. Kxd1 Bb8) 24. f5 $18 Ke7 $2 {[#]} (24... Bc7 25. e4 Be8 26. Rxd8 Bxd8) 25. Nd5+ Ke8 26. Nb6 Ra3 {Accuracy: White = 98%, Black = 37%.} 1-0

[Event "7th Altibox Norway Chess Blitz 2019"]
[Site "Stavanger"]
[Date "2019.06.03"]
[Round "6.5"]
[White "Anand, Viswanathan"]
[Black "So, Wesley"]
[Result "1/2-1/2"]
[WhiteElo "2747"]
[BlackElo "2759"]
[Annotator "TA"]
[PlyCount "51"]
[EventDate "2019.06.03"]
[EventType "tourn"]
[EventCountry "NOR"]
[SourceTitle "playchess.com"]
[Source "ChessBase"]
[SourceQuality "1"]

{[%evp 17,51,20,27,12,17,16,18,16,22,19,25,25,14,0,11,0,4,-6,2,0,0,-10,-12,-26,0,-8,0,0,0,0,0,-26,0,-16,-5,-43]} 1. e4 e6 2. d4 d5 3. Nc3 Bb4 4. e5 c5 5. a3 Ba5 6. b4 cxd4 7. Nb5 Bc7 8. f4 Bd7 9. Nxc7+ Qxc7 10. Nf3 {C18: French: 3 Nc3 Bb4: Main line: 7 h4 and 7 Qg4} Ba4 11. Bd3 Ne7 12. O-O Nbc6 (12... Qb6 13. Kh1 Bb5 14. Nxd4 Bxd3 15. Qxd3 Nbc6 16. Nf3 a6 17. Be3 Qb5 {½-½ (40) Vidit,S (2715)-Vitiugov,N (2730) Linares 2018}) 13. b5 Na5 14. Rb1 {[#] Strongly threatening Rb4.} a6 $1 15. bxa6 bxa6 16. Nxd4 {Threatening Qg4.} Nac6 {[#]} 17. Nxc6 $146 ({Predecessor:} 17. Nf3 h6 {0-1 (42) Gabrielian,A (2579)-Khusnutdinov,R (2493) Moscow 2013}) 17... Qxc6 18. Bd2 O-O 19. Bb4 Rfe8 20. Qd2 (20. Qe2 {seems wilder.} a5 21. Be1 Rec8 22. Qd2 g6 23. Rb2) 20... Bb5 (20... a5 $5 21. Bxe7 Rxe7 $11) 21. Rfc1 Nf5 22. Bxf5 exf5 23. Bd6 Rac8 24. Rb3 Re6 25. h3 h6 26. c3 {Accuracy: White = 43%, Black = 52%.} 1/2-1/2

[Event "7th Altibox Norway Chess Blitz 2019"]
[Site "Stavanger"]
[Date "2019.06.03"]
[Round "7.3"]
[White "Yu, Yangyi"]
[Black "Caruana, Fabiano"]
[Result "1-0"]
[WhiteElo "2705"]
[BlackElo "2804"]
[Annotator "TA"]
[PlyCount "196"]
[EventDate "2019.06.03"]
[EventType "tourn"]
[EventCountry "NOR"]
[SourceTitle "playchess.com"]
[Source "ChessBase"]
[SourceQuality "1"]

{[%evp 18,196,9,0,0,-1,0,0,9,-18,-4,-54,-22,-18,-25,-16,-8,-15,-17,-18,-11,-38,-36,-29,-10,-10,-4,-3,0,0,0,-7,0,-9,0,-10,-10,-41,-43,-46,-47,-61,-62,-81,-57,-69,-27,-87,-96,-81,-61,-61,-58,-142,-72,-81,-73,-89,-106,-211,-211,-234,-234,-234,-184,-177,-174,-477,-165,-337,-98,-98,-18,-57,-58,-57,-57,-57,-57,-57,-56,-56,-56,-52,-52,-71,-71,-71,-71,-94,-72,-233,-233,-208,-113,-156,-80,-75,0,-77,-63,-63,-60,-61,-56,-64,-31,-59,-52,-100,-77,-110,-88,-97,-100,-129,-116,-120,0,-119,-119,-195,-208,-279,-294,-340,-332,-358,-354,-354,-346,-524,-520,-514,-510,-504,-490,-452,-441,-427,-388,-393,-392,-375,-375,-378,-372,-422,-416,-416,-272,-366,-368,-339,-280,-298,-270,-296,-72,-289,-279,-289,-289,-289,-289,-288,-245,-209,0,-288,-284,-288,-267,-281,-274,-269,0,-256,-189,-172,-8]} 1. e4 c5 2. Nf3 e6 3. c3 Nf6 4. e5 Nd5 5. d4 cxd4 6. cxd4 d6 7. a3 Bd7 8. Bd3 Bc6 9. O-O Nd7 10. Qe2 dxe5 {B22: Sicilian: 2 c3} (10... Be7 11. exd6 Bxd6 12. Nc3 O-O 13. Ne4 Bf4 14. Be3 N7f6 15. Neg5 h6 16. Nh3 Qd6 17. Qd2 Nh5 18. Rae1 Qc7 {½-½ (74) Harikrishna,P (2744)-Artemiev,V (2691) Huaian 2017}) 11. dxe5 Be7 12. Bd2 Nc5 {The position is equal.} 13. Bc4 $146 ({Predecessor:} 13. Bc2 a5 14. Nc3 Rc8 15. Nd4 Nf4 16. Bxf4 Qxd4 17. Bg3 Qd8 18. b4 axb4 19. axb4 {0-1 (69) Biro,S (2325)-Czebe,A (2505) Zalakaros 2006}) 13... Nb6 14. Bb5 Bxb5 15. Qxb5+ Qd7 16. Nc3 {[%cal Bb1c3,Bc3e4,Be4d6][%mdl 32]} O-O 17. Qxd7 Ncxd7 18. Ne4 Rac8 19. Bb4 Bxb4 20. axb4 a6 21. Nd6 Rb8 22. Rfc1 Nd5 23. b5 axb5 24. Nxb5 h6 25. h4 Rfc8 26. g3 Rc6 27. Rxc6 bxc6 28. Nd6 Rxb2 29. Ra7 N5b6 30. h5 c5 31. Rc7 Rb3 32. Kg2 (32. Nd2 $1 $11 Rd3 33. N2c4) 32... Rd3 $17 33. Nc8 Nxc8 (33... Nc4 {looks sharper.} 34. Ne7+ Kf8 35. Nc6 Ncb6 36. Ng1 Rd2) 34. Rxc8+ {[%mdl 4096] Endgame KRN-KRN} Kh7 35. g4 (35. Rc7 $15) 35... Rd5 (35... g6 $142 36. hxg6+ Kxg6) 36. Rc7 g5 ({Much weaker is} 36... Nxe5 $6 37. Nxe5 Rxe5 38. Rxf7 $11) 37. hxg6+ Kxg6 38. Kg3 (38. Nh4+ $17 {was worth a try.} Kg5 39. Kg3 Rd3+ 40. Nf3+ Kg6 41. Kf4) 38... Nxe5 $19 39. Nh4+ Kg7 40. f3 Ng6 41. Ng2 h5 42. Ne3 $2 (42. gxh5 {is tougher.} Rg5+ 43. Kf2 Rxh5 44. Ne3) 42... Re5 $2 (42... h4+ 43. Kf2 Rd2+ 44. Kg1 Rd3) 43. Nc4 $2 (43. gxh5 Rg5+ 44. Kf2 Rxh5 45. Nc4) 43... Rg5 $2 (43... h4+ $19 {is more deadly.} 44. Kf2 Rd5) 44. Nd6 $17 {[#]} Nh8 (44... h4+ $1 $17 45. Kh3 Rd5) 45. Kf4 Rd5 46. Ne8+ Kg6 47. gxh5+ Rxh5 48. Nd6 Rd5 49. Ne4 Kg7 50. Nxc5 Ng6+ 51. Ke4 Re5+ 52. Kd4 Re1 53. Ra7 Nh4 54. Ra3 $2 (54. f4 $17 {was forced.}) 54... Nf5+ $19 55. Kc4 Kg6 (55... Rc1+ $19 56. Kb4 Nd4) 56. Ne4 Rc1+ (56... Rd1 $142 57. Ra8 Ne3+ 58. Kc3 Nd5+ 59. Kc2 Rd4 60. Rg8+ Kf5) 57. Kd3 $17 Re1 ({Black should play} 57... Rb1 $17) 58. Kd2 (58. Kc4 $11) 58... Rh1 (58... Rf1 {seems wilder.} 59. Ke2 Rb1 60. Ra4 Rb2+ 61. Kd1 Ne3+) 59. Ra8 Rh2+ 60. Kd3 Kg7 61. Ra7 Rg2 62. Rc7 Ra2 63. Rc3 Kg6 64. Rb3 Ne7 65. Rb8 Nd5 66. Rf8 Kg7 67. Rb8 Kg6 68. Rf8 $1 f6 69. Nc5 (69. Re8 $17) 69... Kf5 $19 70. Re8 Nf4+ 71. Kc3 Rf2 72. Rf8 Rxf3+ 73. Kc4 Nd5 74. Kd4 (74. Kb5 $142) 74... Rf4+ 75. Kd3 e5 76. Ke2 Rc4 77. Nb7 {Black must now prevent Nd6+.} Rc6 78. Rd8 Nf4+ 79. Ke3 Rc3+ 80. Kd2 Ra3 81. Nd6+ Ke6 {Threatens to win with ...Rd3+.} 82. Ne4 Ke7 83. Rb8 {Now Rb7+ and White clings on.} Ra7 84. Rb6 Nd5 85. Rb5 Rd7 {...Nc7+ is the strong threat.} 86. Ke1 Nf4 87. Ra5 Rd4 $2 (87... Nd3+ $19 88. Ke2 f5) 88. Ng3 $2 (88. Ra7+ $17 Ke6 89. Ra6+ Kf5 90. Nxf6) 88... Rd3 89. Ra7+ Ke6 90. Ra6+ Rd6 91. Ra8 Rd7 92. Ra6+ Rd6 93. Ra8 $1 Nd5 94. Ne4 Rc6 95. Kf2 Ne7 96. Rf8 Nd5 $2 (96... f5 $19 97. Ng5+ Kd7) 97. Rd8 $2 {[%mdl 8192]} (97. Ra8 $1 $11 Nc3 98. Nd2) 97... Rc2+ 98. Kf3 {[#] intending Rd6+.} Nf4 $2 {[%mdl 32768] Accuracy: White = 30%, Black = 48%. . Loss on time!?} ({Black should try} 98... Nc3 $1 $19 {[%cal Rc3e4]} 99. Re8+ Kf7 100. Nd6+ (100. Rc8 $2 Ne2 $19) 100... Kg6 101. Rg8+ Kh7) 1-0

[Event "7th Altibox Norway Chess Blitz 2019"]
[Site "Stavanger"]
[Date "2019.06.03"]
[Round "7.4"]
[White "Aronian, Levon"]
[Black "Anand, Viswanathan"]
[Result "1/2-1/2"]
[WhiteElo "2827"]
[BlackElo "2747"]
[Annotator "TA"]
[PlyCount "60"]
[EventDate "2019.06.03"]
[EventType "tourn"]
[EventCountry "NOR"]
[SourceTitle "playchess.com"]
[Source "ChessBase"]
[SourceQuality "1"]

{[%evp 18,60,20,24,21,25,16,20,19,21,14,17,27,14,27,13,35,21,26,20,31,11,21,24,27,24,28,10,24,26,31,14,14,11,11,7,9,6,8,0,0,0,0,0,0]} 1. e4 e5 2. Nf3 Nc6 3. Bb5 Nf6 4. O-O Nxe4 5. Re1 Nd6 6. Nxe5 Be7 7. Bf1 Nxe5 8. Rxe5 O-O 9. d4 Bf6 10. Re1 Re8 {C67: Ruy Lopez: Berlin Defence: 4 0-0 Nxe4} 11. Bf4 Rxe1 12. Qxe1 Ne8 13. c3 d5 14. Nd2 g6 15. Nf3 Ng7 {[#]} 16. Qd2 $146 ({Predecessor:} 16. Qe3 c6 17. Re1 Be6 18. Ne5 Qa5 19. a3 Re8 20. Nd3 Qd8 21. Qd2 Bf5 22. Rxe8+ Qxe8 23. Qe3 Qxe3 {½-½ (23) Vachier Lagrave,M (2796)-Grischuk,A (2742) Sharjah 2017}) 16... Ne6 17. Bh6 Bg7 18. Re1 c6 19. g3 Qf8 20. Be3 Bd7 21. Ne5 {[%cal Bf3e5,Be5d3,Bd3f4][%mdl 32]} Qd6 22. Bh6 Re8 23. h4 f6 24. Nd3 Bxh6 {The position is equal.} 25. Qxh6 Ng7 26. Rxe8+ Bxe8 27. Bh3 Bf7 28. Qf4 Qxf4 29. Nxf4 Ne8 30. Kf1 Nd6 {Accuracy: White = 57%, Black = 67%.} 1/2-1/2

[Event "7th Altibox Norway Chess Blitz 2019"]
[Site "Stavanger"]
[Date "2019.06.03"]
[Round "7.5"]
[White "So, Wesley"]
[Black "Mamedyarov, Shakhriyar"]
[Result "0-1"]
[WhiteElo "2759"]
[BlackElo "2757"]
[Annotator "TA"]
[PlyCount "64"]
[EventDate "2019.06.03"]
[EventType "tourn"]
[EventCountry "NOR"]
[SourceTitle "playchess.com"]
[Source "ChessBase"]
[SourceQuality "1"]

{[%evp 10,64,26,28,57,56,45,52,52,48,65,52,60,40,55,30,39,29,85,90,96,87,138,144,168,170,163,156,183,138,157,136,141,131,333,331,276,-14,-16,-1336,-1265,-29992,-29993,-29993,-29994,-29994,-29995,-29995,-29939,-29976,-6677,-6660,-6612,-6470,-687,-675,-667]} 1. c4 Nf6 2. Nc3 b6 3. d4 Bb7 4. Qc2 d5 5. cxd5 Nxd5 6. Nf3 g6 {A50: Queen's Fianchetto Defence (1 d4 Nf6 2 c4 b6)} 7. e4 Nxc3 8. bxc3 Bg7 {White is slightly better.} 9. Bb5+ Nd7 10. O-O O-O 11. Rd1 c6 12. Be2 $146 ({Predecessor:} 12. Bf1 Qc7 13. Bg5 c5 14. Bxe7 {½-½ (26) Kharitonov,A (2536)-Rodshtein,M (2678) Benasque 2015}) 12... Qc7 13. Bg5 c5 (13... e6 $11) 14. Bxe7 $16 Rfe8 15. d5 $1 Rxe7 (15... c4 $142) 16. d6 $36 {[%mdl 2112] Double Attack. White is in control.} Qd8 (16... Bxe4 17. Qd2) 17. dxe7 Qxe7 18. Bc4 Nf6 19. Ng5 Rf8 20. Qb3 {Hoping for Nxf7.} Nxe4 21. Nxf7 {And now Rd7! would win.} Nxf2 $2 (21... Qf6 $16 22. f3 Nxc3) 22. Re1 $1 $18 {[%cal Re1e7]} Qh4 {[#]} 23. Nd6+ $2 (23. Re2 $1 $18 {[%cal Re2f2]} b5 24. Qxb5 {[%mdl 64] Double Attack} (24. Rxf2 Qxc4 25. Nd6 {[%mdl 64] Double Attack} Qxb3 $16) 24... Nh3+ 25. gxh3 Bd4+ 26. cxd4 Qxd4+ 27. Rf2 Qxa1+ 28. Bf1) 23... Kh8 $11 {( -> ...Nh3+!)} 24. Nf7+ $2 {[%mdl 8192] [#]} (24. Nxb7 $11 Qf4 25. Nd6 Nh3+ 26. gxh3 Qf2+ 27. Kh1 Qf3+ {[%mdl 64] Double Attack} 28. Kg1 Qf2+ 29. Kh1 Qf3+ {[%mdl 64] Double Attack} 30. Kg1 Qf2+) 24... Rxf7 $1 $19 {[%mdl 512]} 25. Bxf7 {[#]} Nh3+ $1 {[%mdl 512]} 26. gxh3 Qg5+ 27. Kf2 {[#]} Qg2+ $1 {[%mdl 576] Double Attack} 28. Ke3 Bh6+ 29. Kd3 {[#]} Qd2+ (29... c4+ $142 $1 {[%mdl 512]} 30. Kxc4 (30. Qxc4 Qd2#) 30... Ba6+ 31. Qb5 Qc6+ {[%mdl 64] Double Attack, Pin} 32. Kd3 Qxb5+ 33. Kc2 Qf5+ {[%mdl 64] Double Attack} 34. Kb3 Qxf7+ 35. Kb2 Bc4 36. Rec1 Qe8 37. a4 Bxc1+ 38. Rxc1 Qxa4 39. Rc2 Bb3 40. c4 Bxc2 41. Kc3 Qb3+ 42. Kd4 Bf5 43. Kd5 Kg7 44. Kc6 Qxc4+ 45. Kb7 Be4+ 46. Kb8 Qc6 47. Kxa7 Qb7#) 30. Kc4 {Black is clearly winning.} Ba6+ 31. Qb5 Bxb5+ (31... Qf4+ $142 32. Kb3 Bxb5) 32. Kxb5 Qd7+ {[%mdl 64] Double Attack. Accuracy: White = 51%, Black = 53%.} 0-1

[Event "7th Altibox Norway Chess Blitz 2019"]
[Site "Stavanger"]
[Date "2019.06.03"]
[Round "8.3"]
[White "Grischuk, Alexander"]
[Black "So, Wesley"]
[Result "0-1"]
[WhiteElo "2750"]
[BlackElo "2759"]
[Annotator "TA"]
[PlyCount "104"]
[EventDate "2019.06.03"]
[EventType "tourn"]
[EventCountry "NOR"]
[SourceTitle "playchess.com"]
[Source "ChessBase"]
[SourceQuality "1"]

{[%evp 16,144,34,29,25,30,41,28,17,22,33,25,33,32,38,16,16,0,0,0,0,0,0,0,0,0,40,-74,-71,-125,-151,-178,0,0,0,-27,-20,-28,-25,-18,-18,-20,-18,-18,0,0,0,0,0,0,14,11,46,43,87,-79,-72,-66,-67,-87,-82,-292,-289,-285,-284,-423,-402,-324,-97,-134,-122,-600,-587,-1929,-1920,-1866,-1561,-1368,-1209,-1174,-1125,-1793,-1556,-29971,-29973,-29974,-1856,-1874,-1755,-1766,-1300,-1908,-1846,-29962,-29963,-29963,-29963,-29963,-29964,-29974,-29975,-29975,-29976,-29981,-29974,-29973,-29971,-29981,-29982,-29982,-29983,-29983,-29984,-29986,-29987,-29987,0,-29964,0,-29968,0,-29984,-29983,-29983,-29984,-29984,-29985,-29986,-29986,-29987,-29988]} 1. d4 Nf6 2. c4 g6 3. f3 d5 4. cxd5 Nxd5 5. e4 Nb6 6. Nc3 Bg7 7. Be3 O-O 8. Qd2 Nc6 9. O-O-O Qd6 {D70: Grünfeld: Unusual White 3rd moves (met by ...d5)} 10. Kb1 Rd8 {[%cal Rg7d4]} 11. Nb5 Qd7 {White has an edge.} 12. d5 a6 13. Nc3 Qe8 14. Qc1 Na5 15. h4 e6 $1 16. Bg5 (16. Bf4 Rd7 17. Bh6 Bxh6 18. Qxh6 exd5 {½-½ (35) Aronian,L (2809)-Svidler,P (2749) Geneva 2017}) 16... Rd6 17. Bf4 exd5 18. Bxd6 ({Avoid the trap} 18. Nxd5 $2 Rxd5 $1 {[%mdl 512]} 19. Rxd5 (19. exd5 $2 Bf5+ 20. Bd3 Nbc4 $19) 19... Nxd5 $19) 18... cxd6 19. Nxd5 Nxd5 20. Rxd5 {[%mdl 64] Double Attack} b5 $146 21. Qd2 (21. Rxd6 $14 Be6 22. Qe1) 21... Be6 $17 22. Qxa5 (22. Rxd6 $142 Nb7 23. Rd3) 22... Bxd5 23. exd5 {[#]} b4 $2 ({Black should play} 23... Rc8 $1 $19 {( -> ...Qe3)} 24. Ne2 (24. Qd2 $2 Bh6 $19) 24... Qe3) 24. Ne2 $1 $11 {Hoping for h5.} ({But not} 24. Qxb4 $2 Rb8 $19) 24... Rc8 $1 25. Qxb4 {Qd2 is the strong threat.} (25. Qxa6 {with more complications.} Rc5 26. Qd3 Qe5 27. Qd4 Qxd4 28. Nxd4 Bxd4 29. Ba6) 25... Rb8 26. Qd2 Rxb2+ 27. Qxb2 Bxb2 28. Kxb2 Qb5+ {[%mdl 64] Double Attack} 29. Kc2 Qa4+ {[%mdl 64] Double Attack} 30. Kb2 {With the idea Nc3.} Qb4+ 31. Kc2 {Threatening Nc3.} Qa4+ {[%mdl 64] Double Attack} 32. Kb2 {White wants to play Nc3.} Qd1 33. Nc3 {[%mdl 64] Discovered Attack} Qd2+ 34. Kb3 a5 35. Bc4 $2 (35. Be2 $16 {keeps the pressure on.}) 35... Qxg2 $17 36. Re1 Qxf3 37. Re8+ Kg7 38. Ra8 $2 (38. Bb5 $17 {was worth a try.}) 38... Qf4 39. Rxa5 Qxh4 40. Ra8 (40. a4 {is a better defense.} h5 41. Ra6) 40... h5 $19 41. a4 Qf2 $2 (41... Qe1 $19 {and Black stays clearly on top. Strongly threatening ...h4.} 42. Bb5 h4) 42. a5 $17 h4 {White must now prevent ...h3.} 43. a6 $2 {[%mdl 8192]} (43. Re8 $17) 43... h3 44. a7 {Black should prevent Rg8+!} h2 45. Rg8+ Kxg8 46. a8=Q+ Kh7 47. Qa1 Qg1 48. Qa6 h1=Q 49. Qxd6 {[#]} Qe3 $1 50. Qf6 Qhf3 (50... Qb1+ $142 51. Ka4 Qa7+ 52. Ba6 Qb2 53. Qc6 Qd4+ 54. Qc4 Qbxc3 55. Qxd4 Qxd4+ 56. Ka5 Qxd5+ 57. Kb6 Qd4+ 58. Kc6 f5 59. Bc8 Qc4+ 60. Kd7 f4 61. Bb7 Qf7+ 62. Kc8 f3 63. Bc6 {[#]} Qc4 $1 {[%mdl 512]} 64. Kb7 f2 65. Bg2 Qb5+ 66. Ka7 f1=Q 67. Bxf1 Qxf1 68. Kb6 g5 69. Kc6 g4 70. Kd6 g3 71. Ke7 g2 72. Ke6 g1=Q 73. Kd7 Qf5+ 74. Kd8 Qf7 75. Kc8 Qgg8#) 51. Qxf3 $19 Qxf3 52. Kb4 g5 {Played: Qf3-f4} 0-1

[Event "7th Altibox Norway Chess Blitz 2019"]
[Site "Stavanger"]
[Date "2019.06.03"]
[Round "8.4"]
[White "Aronian, Levon"]
[Black "Ding, Liren"]
[Result "1/2-1/2"]
[WhiteElo "2827"]
[BlackElo "2773"]
[Annotator "TA"]
[PlyCount "113"]
[EventDate "2019.06.03"]
[EventType "tourn"]
[EventCountry "NOR"]
[SourceTitle "playchess.com"]
[Source "ChessBase"]
[SourceQuality "1"]

{[%evp 26,113,14,19,34,28,41,29,27,36,30,29,24,15,35,29,42,35,36,10,10,10,45,23,32,29,74,80,107,112,92,97,100,88,100,100,100,100,100,100,100,85,95,86,86,87,87,80,92,84,67,5,6,0,0,0,0,0,0,0,0,0,0,0,0,0,0,0,0,0,0,0,0,0,0,0,0,0,0,0,0,0,0,0,0,0,0,0,0,0]} 1. e4 e5 2. Nf3 Nc6 3. Bb5 a6 4. Ba4 Nf6 5. O-O Be7 6. Re1 b5 7. Bb3 O-O 8. c3 d5 9. exd5 Nxd5 10. Nxe5 Nxe5 11. Rxe5 c6 12. d3 Bd6 13. Re1 Bf5 14. Qf3 Qh4 {C89: Closed Ruy Lopez: Marshall Attack} 15. g3 Qh3 16. Bxd5 Bg4 {White has an edge.} 17. Qg2 cxd5 18. Qxh3 Bxh3 {[#]} 19. Nd2 $146 ({Predecessor:} 19. Be3 Bf5 20. d4 Rfe8 21. Nd2 f6 22. Bf4 {½-½ (43) Nakamura,H (2780)-Aronian,L (2801) Palma de Mallorca 2017}) 19... b4 20. cxb4 Bxb4 21. a3 $36 {[%mdl 2048] White has some pressure.} Bd6 22. Nf3 Rfb8 23. b4 a5 24. Bd2 axb4 25. Bxb4 Bxb4 26. axb4 Rxa1 27. Rxa1 $11 {[%mdl 4096] Endgame KRB-KRN} Kf8 28. Nd4 Ke8 29. b5 Bd7 30. Re1+ Kf8 31. f4 Rb7 32. Rb1 Ke7 33. Kf2 Kd6 34. Ke3 Kc5 35. Rc1+ Kd6 36. Ra1 g6 37. Ra6+ Kc5 38. Rf6 (38. Ra5 $14) 38... Bxb5 {[#] And now ...Re7+ would win.The position is equal.} 39. Nxb5 {Threatens to win with Nd6. KRN-KR} Re7+ 40. Kd2 {aiming for Nd6.} Kxb5 {KR-KR} 41. g4 Kc5 42. Kc3 d4+ 43. Kd2 Kd5 44. h4 Ra7 45. h5 gxh5 46. Rf5+ Ke6 47. Re5+ Kf6 48. Rxh5 Ra2+ 49. Ke1 Rg2 50. g5+ Kf5 51. Rxh7 Kxf4 52. Rxf7+ Ke3 53. Re7+ Kxd3 54. Re5 Kc3 55. Rc5+ Kb4 56. Rc8 Rxg5 57. Kd2 {Accuracy: White = 83%, Black = 88%.} 1/2-1/2

[Event "7th Altibox Norway Chess Blitz 2019"]
[Site "Stavanger"]
[Date "2019.06.03"]
[Round "8.5"]
[White "Anand, Viswanathan"]
[Black "Mamedyarov, Shakhriyar"]
[Result "1/2-1/2"]
[WhiteElo "2747"]
[BlackElo "2757"]
[Annotator "TA"]
[PlyCount "191"]
[EventDate "2019.06.03"]
[EventType "tourn"]
[EventCountry "NOR"]
[SourceTitle "playchess.com"]
[Source "ChessBase"]
[SourceQuality "1"]

{[%evp 19,191,18,20,20,22,26,25,26,29,20,35,41,59,58,63,45,54,17,16,16,12,18,16,0,0,0,0,-6,-7,-10,-7,-10,-12,-50,75,-14,0,0,0,0,0,0,0,-27,-28,-27,-25,-25,-27,-27,-27,-27,-25,-28,-20,-28,-8,-16,-19,-22,-22,-29,-29,-29,-29,-29,-1,-7,0,0,0,0,0,-7,-7,-114,-114,-114,-114,-114,-114,-114,-114,-114,-114,-114,-114,-114,-114,-114,-114,-114,-114,-114,-114,-114,-114,-114,-114,-114,-114,-114,-114,-114,0,-114,-114,-114,-114,-114,-114,-114,-114,-114,0,-114,-114,-114,-114,-114,-114,-114,-114,-114,-114,-114,-114,-114,0,-9,-8,-8,0,0,0,0,0,0,0,0,0,0,0,0,0,0,0,0,0,-8,0,0,0,0,0,0,0,0,0,0,0,0,0,0,0,0,0,0,0,0,0,0,0,-9]} 1. e4 c6 2. d4 d5 3. exd5 cxd5 4. Bd3 Nc6 5. c3 Nf6 6. Bf4 Bg4 7. Qb3 Qd7 8. Nd2 e6 9. Ngf3 Bd6 10. Bxd6 Qxd6 11. O-O {B13: Caro-Kann: Exchange Variation and Panov-Botvinnik Attack} O-O 12. Rfe1 Rab8 (12... Ne7 13. Ne5 Bf5 14. Bf1 Rab8 15. a4 Ne4 16. Nxe4 Bxe4 17. a5 f6 18. Nd3 Bxd3 19. Bxd3 {½-½ (45) Anand,V (2768)-Mamedyarov,S (2801) Saint Louis 2018}) 13. Ne5 {White has an edge.} Bh5 14. Qa4 Qc7 $146 ({Predecessor:} 14... Nd7 15. Nxc6 bxc6 16. b4 Bg6 17. Bf1 f6 18. Nb3 e5 19. Qxa7 Ra8 20. dxe5 fxe5 {1-0 (39) Astasio Lopez,D (2031)-Galzagorri Uli,Y (2204) Zarauz 2004}) 15. Nb3 Nd7 16. Nxd7 Qxd7 17. Bb5 Rfc8 18. Bxc6 (18. Nc5 $5 {[%cal Rc5d7]} Qd6 19. Bxc6 Qxc6 20. Qxa7 $14) 18... Qxc6 19. Qxa7 Ra8 20. Qc5 Qd7 $1 21. Qb4 Ra4 22. Qb6 Ra6 23. Qb4 Rc4 24. Nc5 {[%mdl 64] [#] Double Attack} Rxb4 25. Nxd7 Rxb2 26. a4 Rc6 (26... Bg6 $15 {stays ahead.}) 27. Rec1 ({White should play} 27. Rab1 $16 Rxb1 28. Rxb1) 27... f6 28. a5 Bg6 29. Nc5 e5 30. h3 h5 31. a6 (31. Ra4 {looks sharper.} exd4 32. cxd4 Rc8 33. Re1 h4 34. Re7) 31... bxa6 32. Rxa6 Rxa6 33. Nxa6 exd4 34. cxd4 $11 {[%mdl 4096] Endgame KRB-KRN} Rd2 35. Rc8+ Kh7 36. Rd8 Rxd4 37. Nc7 $1 Rd1+ 38. Kh2 d4 39. Ne6 d3 40. Nf8+ Kh6 41. Nxg6 Kxg6 {KR-KR} 42. Kg3 d2 43. Kf3 h4 44. Rd7 Kf5 45. Rd5+ Ke6 46. Rd8 g5 47. Ke2 (47. Rd3 $11) 47... Rg1 48. Rxd2 Rxg2 49. Kf1 Rh2 50. Rd3 Rh1+ 51. Kg2 Rc1 52. Ra3 Rc5 53. Ra6+ Kf7 54. Ra7+ {[#]} Kg6 $1 55. Ra6 Rc4 56. Rb6 Ra4 57. Rc6 Rb4 58. Ra6 Rd4 59. Rb6 Re4 60. Ra6 Rf4 61. Rb6 Ra4 62. Rc6 $1 Ra5 63. Rb6 Kf5 64. Kf3 Rc5 65. Ra6 Rc3+ 66. Kg2 Rc5 (66... Rb3 $17 67. Ra5+ Kg6) 67. Rb6 (67. Kf3 $1 $11) 67... Ke5 68. Ra6 f5 69. Ra8 Rc6 70. Ra5+ Kf6 71. Rb5 Re6 72. Ra5 Kg6 73. Rb5 g4 (73... Ra6 $17 74. Rb7 Rc6) 74. Rb8 {The position is equal.} Kg5 75. Rg8+ Kf4 76. hxg4 fxg4 77. Rf8+ Kg5 78. Rg8+ $1 Rg6 79. Ra8 Rf6 80. Rg8+ Kf4 81. Ra8 h3+ 82. Kg1 Rf5 83. Ra4+ Kg5 84. Rb4 Rc5 85. Rb8 Rc6 86. Rb5+ Kh4 {And now ...Rc8 would win.} 87. Rb8 Rc5 {Strongly threatening ...Rf5.} 88. Rh8+ Kg5 89. Ra8 Kf4 90. Ra4+ Kf5 {aiming for ...Rc1+.} 91. Ra8 $1 Rd5 92. Rb8 Ke4 {...Rf5 is the strong threat.} 93. Re8+ Re5 94. Ra8 Kf3 95. Rf8+ Ke4 {Hoping for ...Rf5.} 96. Ra8 {Accuracy: White = 76%, Black = 60%.} 1/2-1/2